Normal view
MARC view
- Khan,Dad Huma
Entry Personal Name
001 - CONTROL NUMBER
- control field: 5249
003 - CONTROL NUMBER IDENTIFIER
- control field: NUST
005 - DATE AND TIME OF LATEST TRANSACTION
- control field: 20171004151850.0
008 - FIXED-LENGTH DATA ELEMENTS
- fixed length control field: 171004|| aca||aabn | a|a d
040 ## - CATALOGING SOURCE
- Original cataloging agency: NUST
- Transcribing agency: NUST
100 ## - HEADING--PERSONAL NAME
- Personal name: Khan,Dad Huma
670 ## - SOURCE DATA FOUND
- Source citation: Work cat.: (NUST): Khan,Dad Huma, Examing complementarity/ substitutability between public and private sector investment in Pakistan, 2013
